[Event "Landesliga West MV 2013/14"]
[Site "?"]
[Date "2014.03.16"]
[Round "7.2"]
[White "Menkhaus, Wolf Dieter"]
[Black "Schreiber, Felix"]
[Result "1-0"]
[WhiteElo "1821"]
[BlackElo "1819"]
[PlyCount "89"]
[EventType "team-tourn"]
[EventRounds "9"]
[WhiteTeam "SSC Rostock 07 III"]
[BlackTeam "SC Mecklenburger Springer"]

1. d4 d5 2. c4 e6 3. Nc3 Nf6 4. Bg5 Be7 5. e3 O-O 6. Nf3 a6 7. c5 b6 8. cxb6
cxb6 9. Bd3 Nbd7 10. a4 Bb7 11. Qe2 a5 12. O-O Ne4 13. Bxe7 Qxe7 14. Rfc1 Rfc8
15. Bb5 f5 16. Nxe4 fxe4 17. Nd2 Nf6 18. Rc3 Rxc3 19. bxc3 Rc8 20. Rc1 Qa3 21.
Rc2 Rxc3 22. Nb1 Qc1+ 23. Rxc1 Rxc1+ 24. Qf1 Rxf1+ 25. Kxf1 Kf8 26. Ke2 Ke7 27.
f4 Kd6 28. h3 h5 29. Kf2 Ke7 30. Kg3 Kf7 31. Kh4 g6 32. Kg5 Bc8 33. Nc3 Nh7+
34. Kh6 Nf8 35. g4 hxg4 36. hxg4 Kf6 37. g5+ Kf7 38. Bc6 Kg8 39. Nb5 Ba6 40.
Be8 Bxb5 41. Bxb5 Kf7 42. Bc6 Ke7 43. Kg7 Kd6 44. Bb5 Ke7 45. Ba6 1-0

[Event "Landesliga West MV 2013/14"]
[Site "?"]
[Date "2014.03.16"]
[Round "7.3"]
[White "Konrad, Andreas"]
[Black "Moritz, Hartmut"]
[Result "0-1"]
[WhiteElo "1757"]
[BlackElo "1816"]
[PlyCount "52"]
[EventType "team-tourn"]
[EventRounds "9"]
[WhiteTeam "SC Mecklenburger Springer"]
[BlackTeam "SSC Rostock 07 III"]

1. e4 e6 2. Qe2 b6 3. Nf3 Bb7 4. g3 Nf6 5. d3 d5 6. e5 Nfd7 7. Bg2 Be7 8. O-O
c5 9. c3 Qc7 10. Re1 Nc6 11. d4 cxd4 12. cxd4 Nb4 13. Na3 Ba6 14. Qe3 Rc8 15.
Bf1 Bxf1 16. Kxf1 Nc2 17. Nxc2 Qxc2 18. Bd2 Qxb2 19. Qd3 O-O 20. Qa6 Qa3 21.
Qb7 Qxf3 22. Qxd7 Rc2 23. Rad1 Bb4 24. Qa4 Rxd2 25. Rxd2 Bxd2 26. Rd1 Rc8 0-1

[Event "Landesliga West MV 2013/14"]
[Site "?"]
[Date "2014.03.16"]
[Round "7.4"]
[White "Herde, Dittmar"]
[Black "Schreiber, Oliver"]
[Result "1/2-1/2"]
[WhiteElo "1807"]
[BlackElo "1710"]
[PlyCount "83"]
[EventType "team-tourn"]
[EventRounds "9"]
[WhiteTeam "SSC Rostock 07 III"]
[BlackTeam "SC Mecklenburger Springer"]

1. d4 d5 2. c4 e6 3. Nf3 c6 4. Nc3 Nf6 5. Bg5 Nbd7 6. e3 Qa5 7. Bxf6 Nxf6 8.
Nd2 Bd6 9. a3 O-O 10. b4 Qc7 11. h3 a6 12. Be2 Bd7 13. O-O Rfe8 14. Rc1 Rac8
15. Bf3 Qb8 16. e4 dxe4 17. Ndxe4 Be7 18. Re1 Red8 19. Qb3 Be8 20. Rcd1 Nxe4
21. Nxe4 f5 22. Nc5 Bxc5 23. bxc5 Bf7 24. Qb2 Rd7 25. Re3 Rcd8 26. Rb3 Qc7 27.
Rbd3 e5 28. R3d2 Bxc4 29. dxe5 Rxd2 30. Rxd2 Re8 31. Rd6 Qe7 32. Qd4 Bf7 33.
Rd7 Qxe5 34. Qxe5 Rxe5 35. Rxb7 Bd5 36. Ra7 Bxf3 37. gxf3 Rxc5 38. Rxa6 Rc1+
39. Kg2 c5 40. f4 c4 41. Rc6 c3 42. a4 1/2-1/2

[Event "Landesliga West MV 2013/14"]
[Site "?"]
[Date "2014.03.16"]
[Round "7.5"]
[White "Schreiber, Nico"]
[Black "Jeske, Holger"]
[Result "0-1"]
[WhiteElo "1729"]
[BlackElo "1831"]
[PlyCount "120"]
[EventType "team-tourn"]
[EventRounds "9"]
[WhiteTeam "SC Mecklenburger Springer"]
[BlackTeam "SSC Rostock 07 III"]

1. d4 f5 2. Nc3 Nf6 3. Bg5 e6 4. e4 Be7 5. exf5 exf5 6. Qf3 O-O 7. O-O-O g6 8.
Nh3 c6 9. Bh6 Re8 10. d5 Ng4 11. Bf4 d6 12. Bc4 c5 13. Kb1 g5 14. Bc1 Ne5 15.
Qe2 f4 16. Bd3 Rf8 17. Qh5 Nxd3 18. Rxd3 Bf5 19. Rdd1 Nd7 20. Rde1 Ne5 21. Qe2
Qd7 22. Ng1 Bg6 23. Ne4 Rae8 24. Nxc5 dxc5 25. Qd1 Bd6 26. g3 Ng4 27. Nh3 Ne3
28. fxe3 Qxh3 29. exf4 gxf4 30. Rxe8 Rxe8 31. gxf4 Qg2 32. f5 Bxf5 33. Bd2 Qe2
34. Qg1+ Bg6 35. Qg5 Qe4 36. Rc1 Qf5 37. Qg2 Bf4 38. a3 Qe4 39. Qf2 Bxd2 40.
Qxd2 b6 41. Qg5 Qf5 42. Qg2 Rd8 43. Rd1 Qe4 44. Qd2 Rd6 45. h3 Qe5 46. Qg2 Kh8
47. Qf3 Rf6 48. Qg2 Be4 49. Qe2 Qf5 50. Qc4 Bf3 51. Rd2 Qe5 52. Qd3 c4 53. Qf1
Bxd5 54. Qd1 Bg8 55. Rd8 Qf5 56. Qd4 Qe6 57. Re8 Qf7 58. Qe5 Qg7 59. Ka2 Rf8
60. Qxg7+ Kxg7 0-1

[Event "Landesliga West MV 2013/14"]
[Site "?"]
[Date "2014.03.16"]
[Round "7.6"]
[White "Maertin, Heinz"]
[Black "Hopp, Peter"]
[Result "1/2-1/2"]
[WhiteElo "1768"]
[BlackElo "1637"]
[PlyCount "32"]
[EventType "team-tourn"]
[EventRounds "9"]
[WhiteTeam "SSC Rostock 07 III"]
[BlackTeam "SC Mecklenburger Springer"]

1. e4 d5 2. exd5 Qxd5 3. Nc3 Qa5 4. Bc4 Bf5 5. Nf3 Nf6 6. O-O e6 7. a3 c6 8. d4
Bd6 9. h3 Nbd7 10. Qe2 O-O 11. Bg5 h6 12. b4 Qc7 13. Bxf6 Nxf6 14. Rfd1 a6 15.
Bd3 Bxd3 16. Qxd3 Rad8 1/2-1/2

[Event "Landesliga West MV 2013/14"]
[Site "?"]
[Date "2014.03.16"]
[Round "7.7"]
[White "Goldbach, Aaron"]
[Black "Hasenberg, Harald"]
[Result "1-0"]
[WhiteElo "1594"]
[BlackElo "1654"]
[PlyCount "62"]
[EventType "team-tourn"]
[EventRounds "9"]
[WhiteTeam "SC Mecklenburger Springer"]
[BlackTeam "SSC Rostock 07 III"]

1. d4 g6 2. c4 Bg7 3. e4 d6 4. Nc3 Nf6 5. Nf3 O-O 6. Be2 c5 7. d5 Na6 8. O-O
Nc7 9. a3 a6 10. Qc2 Rb8 11. a4 h6 12. h3 e6 13. a5 exd5 14. exd5 b5 15. axb6
Rxb6 16. Bf4 Bf5 17. Qd2 Kh7 18. Na4 Rb4 19. Bd3 Ne4 20. Qc2 Qd7 21. Bxe4 Bxe4
22. Qxe4 Rxa4 23. Rxa4 Qxa4 24. Bxd6 Re8 25. Qf4 Nxd5 26. cxd5 Qxf4 27. Bxf4
Bxb2 28. Rb1 Bc3 29. Rb7 Rd8 30. d6 Kg8 31. d7 f6 1-0

[Event "Landesliga West MV 2013/14"]
[Site "?"]
[Date "2014.03.16"]
[Round "7.8"]
[White "Worm, Alfred"]
[Black "Engel, Philipp"]
[Result "1-0"]
[WhiteElo "1599"]
[BlackElo "1170"]
[PlyCount "57"]
[EventType "team-tourn"]
[EventRounds "9"]
[WhiteTeam "SSC Rostock 07 III"]
[BlackTeam "SC Mecklenburger Springer"]

1. e4 c5 2. Nf3 a6 3. c3 Nc6 4. d4 cxd4 5. cxd4 e6 6. Nc3 Nf6 7. e5 Ng8 8. Bd3
Qb6 9. Bc2 Nge7 10. O-O g6 11. Ne4 Bg7 12. Nd6+ Kf8 13. b3 f6 14. Bb2 fxe5 15.
dxe5 Nf5 16. Bxf5 gxf5 17. Nxc8 Rxc8 18. Qxd7 Ne7 19. Ba3 Rc7 20. Bxe7+ Kf7 21.
Qd6 Qxd6 22. Bxd6 Rd7 23. Ng5+ Kg6 24. Nxe6 Rxd6 25. exd6 Bxa1 26. Rxa1 Re8 27.
d7 Rxe6 28. d8=Q Rc6 29. h4 1-0

[Event "Landesliga West MV 2013/14"]
[Site "?"]
[Date "2014.04.06"]
[Round "8.3"]
[White "Konrad, Andreas"]
[Black "Schubert, Erik"]
[Result "0-1"]
[WhiteElo "1757"]
[BlackElo "1683"]
[PlyCount "75"]
[EventType "team-tourn"]
[EventRounds "9"]
[WhiteTeam "SC Mecklenburger Springer"]
[BlackTeam "ASV GW Wismar II"]

1. e4 e6 2. Qe2 b6 3. g3 Bb7 4. Nf3 Nc6 5. Bg2 Nge7 6. d4 d5 7. exd5 Nxd5 8.
O-O Be7 9. Rd1 O-O 10. c4 Nf6 11. Be3 Nb8 12. Nc3 Nbd7 13. Ne5 Bxg2 14. Kxg2
Nxe5 15. dxe5 Nd7 16. Rd4 Bc5 17. Rg4 Bxe3 18. Qxe3 Qe7 19. Rd1 a5 20. Rh4 Nc5
21. Rg4 Rad8 22. Rxd8 Rxd8 23. Qh6 g6 24. Rh4 f5 25. exf6 Qf7 26. a3 a4 27. Qg5
Rf8 28. Qh6 Rd8 29. Qf4 Nd3 30. Qh6 Nxb2 31. Ne4 Rd4 32. Qe3 e5 33. Ng5 Nxc4
34. Qxd4 exd4 35. Nxf7 Kxf7 36. Rxd4 b5 37. Rxc4 bxc4 38. Kf3 {Zeitüberschreitu
eitüberschreitung Weiß} 0-1

[Event "Landesliga West MV 2013/14"]
[Site "?"]
[Date "2014.04.06"]
[Round "8.4"]
[White "Quang, Luu Vinh"]
[Black "Schreiber, Oliver"]
[Result "0-1"]
[WhiteElo "1430"]
[BlackElo "1710"]
[PlyCount "50"]
[EventType "team-tourn"]
[EventRounds "9"]
[WhiteTeam "ASV GW Wismar II"]
[BlackTeam "SC Mecklenburger Springer"]

1. e4 d5 2. exd5 Qxd5 3. Nc3 Qa5 4. d4 c6 5. Bd2 Bf5 6. h3 e6 7. Nf3 Nd7 8. Nh4
Bg6 9. Nxg6 hxg6 10. Ne4 Qb6 11. Bc3 Ngf6 12. Ng3 Nd5 13. Qf3 Nxc3 14. bxc3 Qb2
15. Rd1 Qxa2 16. Bd3 Ba3 17. O-O Bb2 18. Ne4 Qa3 19. Rb1 O-O 20. h4 f5 21. Ng5
Rf6 22. Nxe6 Qxc3 23. Qe2 Re8 24. Bc4 Kh8 25. Rfe1 Nf8 0-1

[Event "Landesliga West MV 2013/14"]
[Site "?"]
[Date "2014.04.06"]
[Round "8.6"]
[White "Noelter, Gerd"]
[Black "Hopp, Peter"]
[Result "1/2-1/2"]
[WhiteElo "1597"]
[BlackElo "1637"]
[PlyCount "90"]
[EventType "team-tourn"]
[EventRounds "9"]
[WhiteTeam "ASV GW Wismar II"]
[BlackTeam "SC Mecklenburger Springer"]

1. d4 {[%emt 0:00:00]} d5 2. Nf3 Nf6 3. Bf4 e6 4. e3 Be7 5. h3 Nbd7 6. Nbd2 b6
7. Bd3 Bb7 8. O-O O-O 9. c3 c5 10. Qc2 Rc8 11. Rfe1 Re8 12. Ne5 c4 13. Be2 b5
14. a3 a5 15. Reb1 Nxe5 16. Bxe5 Nd7 17. Bh2 Qb6 18. f4 b4 19. Bf3 b3 20. Qd1
f6 21. Bg4 Rcd8 22. Bg3 Bd6 23. Bf2 e5 24. fxe5 fxe5 25. Bh5 g6 26. Bg4 exd4
27. exd4 Nf6 28. Bh4 Be7 29. Bf3 Qe6 30. Qf1 Qe3+ 31. Qf2 Qxf2+ 32. Bxf2 Rd7
33. Re1 Bf8 34. Rxe8 Nxe8 35. Re1 Nd6 36. Re2 Re7 37. Kf1 Rxe2 38. Kxe2 Kf7 39.
g4 Ke6 40. Bg3 Bh6 41. Kd1 Bxd2 42. Kxd2 a4 43. Bxd6 Kxd6 44. Ke3 g5 45. Bg2 h6
1/2-1/2

[Event "Landesliga West MV 2013/14"]
[Site "?"]
[Date "2014.04.06"]
[Round "8.7"]
[White "Goldbach, Aaron"]
[Black "Schmidtke, Wilfried"]
[Result "1/2-1/2"]
[WhiteElo "1594"]
[BlackElo "1609"]
[PlyCount "66"]
[EventType "team-tourn"]
[EventRounds "9"]
[WhiteTeam "SC Mecklenburger Springer"]
[BlackTeam "ASV GW Wismar II"]

1. d4 {[%emt 0:00:00]} Nf6 2. Nf3 e6 3. Bf4 b6 4. e3 Bb7 5. Bd3 c5 6. c3 Be7 7.
Nbd2 O-O 8. h3 d6 9. O-O cxd4 10. exd4 Ba6 11. Bxa6 Nxa6 12. Re1 Nc7 13. a4
Ncd5 14. Bh2 Rc8 15. Qe2 Qd7 16. Ng5 h6 17. Nge4 Nxe4 18. Nxe4 Nf6 19. Nxf6+
Bxf6 20. Qg4 d5 21. Be5 Bxe5 22. Rxe5 Rc4 23. a5 Ra4 24. Rxa4 Qxa4 25. axb6
Qa1+ 26. Kh2 Qxb2 27. bxa7 Qxc3 28. Rh5 Kh7 29. Qf4 Qa5 30. Qb8 Qd8 31. Qb7 Qc8
32. Qb6 Qd7 33. Qb8 Qd8 1/2-1/2

[Event "Landesliga West MV 2013/14"]
[Site "?"]
[Date "2014.04.06"]
[Round "8.8"]
[White "Soltmann, Jan"]
[Black "Engel, Philipp"]
[Result "1/2-1/2"]
[WhiteElo "1351"]
[BlackElo "1170"]
[PlyCount "106"]
[EventType "team-tourn"]
[EventRounds "9"]
[WhiteTeam "ASV GW Wismar II"]
[BlackTeam "SC Mecklenburger Springer"]

1. Nf3 {[%emt 0:00:00]} c5 2. c4 a6 3. b3 e6 4. Bb2 Nc6 5. e3 Nf6 6. d4 cxd4 7.
exd4 Bb4+ 8. Bc3 Bxc3+ 9. Nxc3 Qa5 10. Qd2 O-O 11. Be2 d5 12. O-O dxc4 13. Bxc4
b5 14. Be2 Rd8 15. Qb2 Bb7 16. Rfd1 Qb6 17. a4 Nxd4 18. Nxd4 Rxd4 19. axb5 axb5
20. Nxb5 Qc6 21. f3 Rxd1+ 22. Rxd1 Ng4 23. Qd4 Nf6 24. Bc4 h6 25. Nc3 Qc7 26.
Nb5 Qe7 27. Qb6 Rb8 28. Nc7 Nd7 29. Qa7 Qc5+ 30. Qxc5 Nxc5 31. Rd6 Rc8 32. Na6
Bxa6 33. Bxa6 Nxa6 34. Rxa6 Rc1+ 35. Kf2 Rb1 36. Rb6 Kf8 37. Rb7 Rb2+ 38. Kg3
g5 39. Kh3 Kg7 40. g4 Kg6 41. Kg3 Rb1 42. b4 Rb2 43. b5 e5 44. h3 Rb3 45. Rb6+
Kg7 46. Kg2 Rb2+ 47. Kg1 e4 48. fxe4 Re2 49. Rd6 Rxe4 50. b6 Rb4 51. Kf2 Rb3
52. Kg2 Kh7 53. Rc6 Kg7 1/2-1/2

[Event "Landesliga West MV 2013/14"]
[Site "?"]
[Date "2014.04.06"]
[Round "8.1"]
[White "Borchert, Chris"]
[Black "Rabinowitsch, Juri"]
[Result "1/2-1/2"]
[WhiteElo "1895"]
[BlackElo "1844"]
[PlyCount "40"]
[EventType "team-tourn"]
[EventRounds "9"]
[WhiteTeam "SV Malchower Schachinsel"]
[BlackTeam "SF Schwerin IV"]

1. d4 Nf6 2. Bg5 e6 3. e3 Be7 4. Bd3 d5 5. Nd2 Nbd7 6. Ngf3 h6 7. Bh4 a6 8. O-O
c5 9. c3 b6 10. Qe2 Bb7 11. e4 dxe4 12. Nxe4 Nxe4 13. Bxe4 Bxe4 14. Qxe4 Bxh4
15. Nxh4 O-O 16. Rad1 Qc7 17. f4 Rad8 18. Nf3 cxd4 19. Nxd4 Nf6 20. Qe2 b5
1/2-1/2

[Event "Landesliga West MV 2013/14"]
[Site "?"]
[Date "2014.04.06"]
[Round "8.3"]
[White "Schmidt, Joerg"]
[Black "Krueger, Gerhard"]
[Result "1-0"]
[WhiteElo "1897"]
[BlackElo "1866"]
[PlyCount "53"]
[EventType "team-tourn"]
[EventRounds "9"]
[WhiteTeam "SV Malchower Schachinsel"]
[BlackTeam "SF Schwerin IV"]

1. c4 c5 2. Nc3 Nc6 3. Nf3 g6 4. g3 Bg7 5. Bg2 d6 6. O-O Nf6 7. d4 cxd4 8. Nxd4
Nxd4 9. Qxd4 O-O 10. Qd3 a6 11. Rd1 Qc7 12. Bd2 Bd7 13. Rac1 Bc6 14. e4 Rac8
15. b4 Bd7 16. Nd5 Nxd5 17. exd5 Ba4 18. Re1 Bb2 19. Rb1 Bf6 20. Rec1 Bd7 21.
Be4 e6 22. c5 dxc5 23. d6 Qd8 24. Bxb7 Rb8 25. bxc5 Bb5 26. Qf3 Bg7 27. c6 1-0

[Event "Landesliga West MV 2013/14"]
[Site "?"]
[Date "2014.04.06"]
[Round "8.5"]
[White "Kuehn, Peter"]
[Black "Schmidt, Wolfgang"]
[Result "1/2-1/2"]
[WhiteElo "1798"]
[BlackElo "1648"]
[Annotator "Sven Helms"]
[PlyCount "93"]
[EventType "team-tourn"]
[EventRounds "9"]
[WhiteTeam "SV Malchower Schachinsel"]
[BlackTeam "SF Schwerin IV"]

1. e4 e5 2. Nf3 Nc6 3. d4 exd4 4. Nxd4 Qf6 5. Be3 Bc5 6. c3 Nge7 7. Bc4 O-O 8.
O-O d6 9. Kh1 Be6 10. Nxe6 fxe6 11. Bxc5 dxc5 12. Qg4 Nd8 13. Nd2 Nec6 14. f4
Qe7 15. e5 Na5 16. Bd3 Nf7 17. Qh3 g6 18. Ne4 Kg7 19. Nf6 Nh6 20. g4 Rh8 21.
Rae1 c4 22. Bc2 Nc6 23. Qh4 Raf8 24. Rd1 Qc5 25. Rd7+ Rf7 26. Rfd1 Qe3 27. Nh5+
Kg8 28. Rd8+ Nxd8 29. Rxd8+ Rf8 30. Rxf8+ Kxf8 31. Qd8+ Kf7 32. Qf6+ Ke8 33.
Qxh8+ Ke7 34. Qf6+ Kd7 35. Ba4+ c6 36. Qg7+ Kc8 37. Qf8+ (37. Qxh6 Qe1+ 38. Kg2
Qe2+ 39. Kh3 Qf1+ 40. Kh4 Qf2+ 41. Kg5 $18) 37... Kc7 38. Qd6+ Kc8 39. Qxe6+
Kc7 40. Qd6+ Kc8 41. Qf8+ Kc7 42. Qd6+ Kc8 43. Nf6 Qe1+ 44. Kg2 Qe2+ 45. Kg3
Qe3+ 46. Kg2 Qe2+ 47. Kg1 1/2-1/2

[Event "Landesliga West MV 2013/14"]
[Site "?"]
[Date "2014.04.06"]
[Round "8.6"]
[White "Peschke, Wolfgang"]
[Black "Fechner, Henrik"]
[Result "0-1"]
[WhiteElo "1637"]
[BlackElo "1771"]
[PlyCount "46"]
[EventType "team-tourn"]
[EventRounds "9"]
[WhiteTeam "SF Schwerin IV"]
[BlackTeam "SV Malchower Schachinsel"]

1. d4 Nf6 2. c4 e5 3. d5 Bb4+ 4. Bd2 Bxd2+ 5. Nxd2 d6 6. e4 O-O 7. Bd3 Bg4 8.
f3 Bh5 9. Ne2 Nbd7 10. b4 a5 11. a3 axb4 12. axb4 Bg6 13. O-O Nh5 14. g3 Qg5
15. f4 exf4 16. Nxf4 Nxf4 17. Rxf4 Qe5 18. Nb3 Qc3 19. b5 Ne5 20. Be2 Rxa1 21.
Nxa1 Ra8 22. Rf1 Bxe4 23. Nb3 Bc2 0-1

[Event "Landesliga West MV 2013/14"]
[Site "?"]
[Date "2014.04.06"]
[Round "8.7"]
[White "Wahrmann, Eric"]
[Black "Weinstein, Arkadi"]
[Result "0-1"]
[WhiteElo "1450"]
[BlackElo "1693"]
[PlyCount "104"]
[EventType "team-tourn"]
[EventRounds "9"]
[WhiteTeam "SV Malchower Schachinsel"]
[BlackTeam "SF Schwerin IV"]

1. d4 c6 2. c4 g6 3. e4 Bg7 4. Nf3 e6 5. Bg5 Ne7 6. Qd2 O-O 7. Nc3 f6 8. Bh6 d6
9. Bxg7 Kxg7 10. Bd3 e5 11. O-O Nd7 12. Rfe1 Qc7 13. b4 Rd8 14. Rac1 Nf8 15. d5
Bg4 16. Qe3 b6 17. dxc6 Nxc6 18. Nd5 Qd7 19. c5 dxc5 20. bxc5 Ne7 21. cxb6 Nxd5
22. exd5 axb6 23. Qxb6 Rac8 24. Rxc8 Rxc8 25. Ba6 Rd8 26. Qb7 Qxb7 27. Bxb7 Nd7
28. h3 Bxf3 29. gxf3 Kf7 30. a4 Rb8 31. Bc6 Nc5 32. Ra1 Ke7 33. Kf1 Nb3 34. Ra3
Nd4 35. Rc3 Kd6 36. a5 Rb1+ 37. Kg2 Ra1 38. Bb7 Rxa5 39. Rc8 Ra7 40. Ba8 Kd7
41. Rb8 f5 42. Kg3 Ke7 43. Bc6 Nxc6 44. dxc6 Rc7 45. Rb7 Kd6 46. Rxc7 Kxc7 47.
Kh4 h6 48. Kg3 Kxc6 49. Kg2 Kd5 50. Kg3 Kd4 51. Kg2 Kd3 52. Kg3 Ke2 0-1

[Event "Landesliga West MV 2013/14"]
[Site "?"]
[Date "2014.04.06"]
[Round "8.2"]
[White "Mueller, Axel"]
[Black "Krueger, Horst"]
[Result "0-1"]
[WhiteElo "1936"]
[BlackElo "1931"]
[PlyCount "78"]
[EventType "team-tourn"]
[EventRounds "9"]
[WhiteTeam "Putlitzer SV 1921"]
[BlackTeam "Post SV Ludwigslust II"]

1. e4 c5 2. Nc3 d6 3. f4 e6 4. Nf3 Nc6 5. Bb5 Bd7 6. O-O Nd4 7. Bxd7+ Qxd7 8.
d3 Ne7 9. Nxd4 cxd4 10. Ne2 Nc6 11. Bd2 Be7 12. Qe1 O-O 13. f5 e5 14. Qg3 f6
15. Qh4 Rf7 16. Rf3 Bf8 17. Rh3 h6 18. Rg3 Kh8 19. Rf1 d5 20. Qg4 Ne7 21. Qh5
Ng8 22. Qf3 Qa4 23. c3 Bc5 24. Kh1 Qxa2 25. cxd4 Bxd4 26. Nxd4 exd4 27. Qh5
dxe4 28. dxe4 Re7 29. Bb4 Qc4 30. Qf3 Qxb4 31. b3 Rc8 32. Qh5 Rc3 33. Rg6 Rxb3
34. Qd1 Rxe4 35. h3 Rbe3 36. Kh2 Qd6+ 37. Kh1 d3 38. h4 Rxh4+ 39. Kg1 Qh2+ 0-1

[Event "Landesliga West MV 2013/14"]
[Site "?"]
[Date "2014.04.06"]
[Round "8.3"]
[White "Fechner, Frank"]
[Black "Blume, Christian"]
[Result "1/2-1/2"]
[WhiteElo "1760"]
[BlackElo "1832"]
[PlyCount "34"]
[EventType "team-tourn"]
[EventRounds "9"]
[WhiteTeam "Post SV Ludwigslust II"]
[BlackTeam "Putlitzer SV 1921"]

1. c4 c5 2. Nc3 Nc6 3. g3 g6 4. Bg2 Bg7 5. e4 d6 6. Nge2 e5 7. d3 Nge7 8. Be3
O-O 9. Qd2 Rb8 10. O-O Be6 11. Nd5 Qd7 12. Nec3 b6 13. Rab1 f5 14. f4 Rbe8 15.
Nxe7+ Nxe7 16. Nd5 Nc6 17. b3 Nd4 1/2-1/2

[Event "Landesliga West MV 2013/14"]
[Site "?"]
[Date "2014.04.06"]
[Round "8.4"]
[White "Vieten, Florian"]
[Black "Moutaqi, Sandra"]
[Result "1/2-1/2"]
[WhiteElo "1687"]
[BlackElo "1746"]
[PlyCount "73"]
[EventType "team-tourn"]
[EventRounds "9"]
[WhiteTeam "Putlitzer SV 1921"]
[BlackTeam "Post SV Ludwigslust II"]

1. e4 c5 2. b3 Nc6 3. f4 d6 4. Bb2 Nf6 5. Nc3 Bg4 6. Be2 Bxe2 7. Ngxe2 g6 8.
Nd5 Bg7 9. Nxf6+ Bxf6 10. Bxf6 exf6 11. Nc3 O-O 12. O-O Ne7 13. d4 f5 14. dxc5
dxc5 15. e5 Qa5 16. Nd5 Nxd5 17. Qxd5 Qb6 18. Rad1 Rad8 19. Qc4 Qc6 20. Rd3 b5
21. Qc3 Qb6 22. Kh1 Rxd3 23. cxd3 Rd8 24. Rc1 Rd5 25. g3 Qd8 26. b4 cxb4 27.
Qxb4 Rxd3 28. Qxb5 Rd1+ 29. Rxd1 Qxd1+ 30. Kg2 Qd2+ 31. Kh3 Qxa2 32. Qd7 Qa6
33. Kh4 g5+ 34. fxg5 Qc4+ 35. Kh3 Qf1+ 36. Kh4 Qc4+ 37. Kh3 1/2-1/2

[Event "Landesliga West MV 2013/14"]
[Site "?"]
[Date "2014.04.06"]
[Round "8.5"]
[White "Schulz, Gerhard"]
[Black "Oelke, Bernd"]
[Result "1/2-1/2"]
[WhiteElo "1679"]
[BlackElo "1746"]
[PlyCount "45"]
[EventType "team-tourn"]
[EventRounds "9"]
[WhiteTeam "Post SV Ludwigslust II"]
[BlackTeam "Putlitzer SV 1921"]

1. d4 Nf6 2. Nf3 d5 3. e3 Bf5 4. Nh4 Bg4 5. Be2 Bxe2 6. Qxe2 c6 7. Nd2 e6 8.
Nhf3 Nbd7 9. c3 Bd6 10. O-O O-O 11. e4 dxe4 12. Nxe4 Nxe4 13. Qxe4 Nf6 14. Qh4
Be7 15. Bg5 Nd5 16. Bxe7 Qxe7 17. Qxe7 Nxe7 18. Rfe1 Ng6 19. Ne5 Nxe5 20. dxe5
Rfd8 21. Rad1 Kf8 22. Kf1 Ke7 23. Ke2 1/2-1/2

[Event "Landesliga West MV 2013/14"]
[Site "?"]
[Date "2014.04.06"]
[Round "8.6"]
[White "Gottschalk, Maik"]
[Black "Lange, Marius"]
[Result "1-0"]
[WhiteElo "1646"]
[BlackElo "1607"]
[PlyCount "51"]
[EventType "team-tourn"]
[EventRounds "9"]
[WhiteTeam "Putlitzer SV 1921"]
[BlackTeam "Post SV Ludwigslust II"]

1. d4 f5 2. Nf3 Nf6 3. Nc3 e6 4. Bg5 Be7 5. Bxf6 Bxf6 6. e4 fxe4 7. Nxe4 O-O 8.
c3 b6 9. Bd3 Bb7 10. O-O Nc6 11. Qc2 g6 12. Rad1 Ne7 13. Nxf6+ Rxf6 14. Be4 c6
15. Ne5 Nf5 16. Qe2 Qe7 17. Ng4 Rff8 18. Rfe1 a5 19. Bxf5 Rxf5 20. Nh6+ Kf8 21.
Nxf5 gxf5 22. Qe5 Rc8 23. Rd3 Qh4 24. Rg3 c5 25. Qd6+ Kf7 26. Qxd7+ 1-0

[Event "Landesliga West MV 2013/14"]
[Site "?"]
[Date "2014.04.06"]
[Round "8.7"]
[White "Fitz, Baldur"]
[Black "Feige, Detlef"]
[Result "1/2-1/2"]
[WhiteElo "1558"]
[BlackElo "1582"]
[PlyCount "33"]
[EventType "team-tourn"]
[EventRounds "9"]
[WhiteTeam "Post SV Ludwigslust II"]
[BlackTeam "Putlitzer SV 1921"]

1. d4 Nf6 2. c4 c6 3. Nf3 d5 4. cxd5 cxd5 5. Nc3 Nc6 6. Bf4 a6 7. a3 e6 8. e3
Nh5 9. Bg3 Nxg3 10. hxg3 Bd6 11. Bd3 h6 12. Nd2 Qe7 13. Na4 b5 14. Nb6 Rb8 15.
Nxc8 Rxc8 16. a4 Nb4 17. Qb1 1/2-1/2

[Event "Landesliga West MV 2013/14"]
[Site "?"]
[Date "2014.04.06"]
[Round "8.8"]
[White "Paetzke, Bernd"]
[Black "Lange, Stefan"]
[Result "1/2-1/2"]
[WhiteElo "1495"]
[BlackElo "1557"]
[PlyCount "48"]
[EventType "team-tourn"]
[EventRounds "9"]
[WhiteTeam "Putlitzer SV 1921"]
[BlackTeam "Post SV Ludwigslust II"]

1. d4 d6 2. Nf3 Nf6 3. c4 g6 4. Nc3 Bg7 5. e4 O-O 6. Be2 b6 7. O-O Bb7 8. d5 c6
9. h3 cxd5 10. exd5 Nbd7 11. Bf4 Nc5 12. Qc2 Rc8 13. Rac1 Ncd7 14. Qb1 Nc5 15.
Rfd1 a6 16. Be3 Nh5 17. Nd4 Bxd4 18. Rxd4 Ng7 19. Bg4 f5 20. Bf3 e5 21. Rdd1 f4
22. Bd2 Qg5 23. b4 Nd7 24. Ne4 Qe7 1/2-1/2

[Event "Landesliga West MV 2013/14"]
[Site "?"]
[Date "2014.04.06"]
[Round "8.1"]
[White "Montag, Ralf"]
[Black "Stadler, Bertino"]
[Result "1/2-1/2"]
[WhiteElo "1966"]
[BlackElo "1654"]
[PlyCount "68"]
[EventType "team-tourn"]
[EventRounds "9"]
[WhiteTeam "Post SV Ludwigslust"]
[BlackTeam "SV Empor Kuehlungsborn"]

1. e4 c5 2. Nc3 Nc6 3. g3 g6 4. d3 Bg7 5. Be3 d6 6. Qd2 Bd7 7. Bg2 Rb8 8. Nge2
b5 9. h3 e6 10. O-O Qa5 11. f4 b4 12. Nd1 Nd4 13. Rf2 Nxe2+ 14. Qxe2 Ne7 15. g4
f5 16. Qd2 O-O 17. c3 Kh8 18. d4 Ba4 19. dxc5 dxc5 20. Qd6 Ng8 21. Qxc5 Qd8 22.
Rd2 Qe8 23. e5 Rf7 24. b3 Bf8 25. Rd6 Bb5 26. c4 Ba6 27. Qd4 Bb7 28. Bxb7 Rbxb7
29. c5 fxg4 30. hxg4 Qe7 31. g5 Qc7 32. c6 Rb8 33. Nf2 Ne7 34. Rc1 Nf5 1/2-1/2

[Event "Landesliga West MV 2013/14"]
[Site "?"]
[Date "2014.04.06"]
[Round "8.3"]
[White "Wiemer, Juergen"]
[Black "Gipp, Thomas"]
[Result "1-0"]
[WhiteElo "1840"]
[BlackElo "1902"]
[PlyCount "109"]
[EventType "team-tourn"]
[EventRounds "9"]
[WhiteTeam "Post SV Ludwigslust"]
[BlackTeam "SV Empor Kuehlungsborn"]

1. e4 c5 2. c3 d6 3. d4 cxd4 4. cxd4 Nf6 5. Nc3 g6 6. Nf3 Bg7 7. Be2 O-O 8. O-O
Nc6 9. a3 a6 10. h3 Nd7 11. b4 b5 12. Be3 Bb7 13. Rc1 Rc8 14. Qd2 Nb6 15. Rfd1
d5 16. e5 e6 17. Bg5 Qd7 18. Qf4 Ne7 19. g4 Nc4 20. Bxc4 dxc4 21. Bxe7 Qxe7 22.
g5 Bxf3 23. Qxf3 Qxg5+ 24. Kf1 f5 25. a4 Rb8 26. axb5 axb5 27. Qc6 Qe7 28. Nxb5
Rfc8 29. Qd6 Qf7 30. Rxc4 Bf8 31. Rxc8 Rxc8 32. Qa6 Rb8 33. Rb1 Qd7 34. Nd6
Bxd6 35. exd6 Qb5+ 36. Qxb5 Rxb5 37. Ke2 Rd5 38. Kd3 Rxd6 39. f4 Kf7 40. b5 Ke7
41. b6 Rd8 42. b7 Rb8 43. Rb6 Kd7 44. h4 Kc7 45. Rxe6 Rxb7 46. Re7+ Kb6 47.
Rxb7+ Kxb7 48. d5 Kc7 49. Kd4 Kd6 50. Kc4 h6 51. Kd4 g5 52. fxg5 hxg5 53. hxg5
f4 54. g6 f3 55. Ke3 1-0

[Event "Landesliga West MV 2013/14"]
[Site "?"]
[Date "2014.04.06"]
[Round "8.4"]
[White "Busz, Stephan"]
[Black "Meier, Klaus"]
[Result "1-0"]
[WhiteElo "1891"]
[BlackElo "1850"]
[PlyCount "47"]
[EventType "team-tourn"]
[EventRounds "9"]
[WhiteTeam "SV Empor Kuehlungsborn"]
[BlackTeam "Post SV Ludwigslust"]

1. d4 Nf6 2. Bf4 g6 3. Nf3 Bg7 4. Nbd2 d5 5. e3 c5 6. c3 cxd4 7. exd4 Bf5 8.
Qb3 b6 9. Bb5+ Bd7 10. Bxb8 Rxb8 11. Ne5 Bxb5 12. Qxb5+ Kf8 13. Ndf3 Rb7 14.
Ng5 e6 15. Nexf7 Qe7 16. Nxh8 Bxh8 17. Qc6 e5 18. Ne6+ Kg8 19. O-O exd4 20.
cxd4 Qd7 21. Rac1 h5 22. Qxd7 Nxd7 23. Rc8+ Kh7 24. Rfc1 1-0